Statistics for Vinnare av Melodifestivalen

Click here to take the quiz!

General Stats

  • This quiz has been taken 742 times
  • The average score is 29 of 112

Answer Stats

HintAnswer% Correct
2012Loreen
82%
1974ABBA
81%
1991 | 2006Carola
81%
1983Carola Häggkvist
81%
2015Måns Zelmerlöw
71%
1999Charlotte Nilsson
67%
2008Charlotte Perrelli
67%
2016Frans
61%
2011Eric Saade
55%
2014Sanna Nielsen
53%
2013Robin Stjernberg
52%
1984Herreys
50%
2010Anna Bergendahl
44%
BelgradHero
42%
BakuEuphoria
41%
BrightonWaterloo
41%
1994Marie Bergman & Roger Pontare
39%
2000Roger Pontare
39%
WienHeroes
38%
2007The Ark
38%
2004Lena Philipsson
36%
RomFångad av en stormvind
35%
1969 | 1988Tommy Körberg
35%
2009Malena Ernman
34%
MünchenFrämling
33%
JerusalemTake me to your heaven / Tusen och en natt
33%
StockholmIf I were sorry
31%
MalmöYou
31%
1978 | 1981Björn Skifs
30%
1961Lill-Babs
30%
2005Martin Stenmarck
30%
DüsseldorfPopular
30%
AtenInvincible / Evighet
29%
KöpenhamnUndo
29%
2002Afro-Dite
28%
2001Friends
28%
1992Christer Björkman
27%
1985Kikki Danielsson
26%
1979Ted Gärdestad
26%
1958Alice Babs
25%
2003Fame
25%
1989Tommy Nilsson
25%
1993Arvingarna
24%
MoskvaLa voix
24%
1987Lotta Engberg
24%
LuxemburgDiggi-loo diggi-ley
23%
IstanbulIt hurts / Det gör ont
23%
KievLas Vegas
23%
OsloThis is my life
23%
1995Jan Johansen
22%
1975Lars Berghagen
22%
1963Monica Zetterlund
22%
1971 | 1972Family Four
21%
1960Siw Malmkvist
20%
HelsingforsThe worrying kind
20%
StockholmWhen the spirits are calling my name / När vindarna viskar mitt namn
20%
1998Jill Johnson
19%
DublinStad i ljus
19%
BrysselBoogaloo / Fyra bugg och en Coca-Cola
18%
1982Chips
17%
MillstreetEloise
17%
1980Tomas Ledin
17%
LondonBeatles
16%
LausanneEn dag
16%
1977Forbes
16%
1966Lill Lindfors & Svante Thuresson
16%
TallinnNever let it go
16%
GöteborgBra vibrationer
15%
RigaGive me your love
15%
1996One More Time
15%
JerusalemSatellit
15%
1997Blond
14%
OsloDen vilda
14%
MadridJudy, min vän
14%
1986Lasse Holm & Monica Törnell
14%
KöpenhamnListen to your heartbeat / Lyssna till ditt hjärta
14%
DublinSe på mig
14%
ParisDet blir alltid värre framåt natten
13%
BirminghamKärleken är
13%
1973Nova (Malta)
13%
MalmöI morgon är en annan dag
12%
StockholmJennie, Jennie
12%
HilversumLilla stjärna
12%
CannesApril, april
11%
DublinStjärnorna
11%
DublinBara hon älskar mig
10%
1968Claes-Göran Hederström
10%
HarrogateDag efter dag
10%
LondonEn gång i Stockholm
10%
HaagJust nu!
10%
DublinVita vidder
10%
CannesAugustin
9%
1959Brita Borg
9%
1990Edin-Ådahl
9%
1962Inger Berggren
9%
1965Ingvar Wixell
9%
1967Östen Warnerbring
9%
BergenE' de' det här du kallar kärlek?
8%
ZagrebSom en vind
8%
NeapelAbsent Friends / Annorstädes vals
7%
DublinFångad i en dröm
7%
LuxemburgNygammal vals (eller Hip man svinaherde)
7%
LondonDet börjar verka kärlek, banne mej
6%
LuxemburgSol och vår
6%
LuxemburgYou're summer / Sommar'n som aldrig säger nej
6%
LondonAlla andra får varann
4%
WienSom en dröm
4%
EdinburghHärliga sommardag
3%

Score Distribution

Percentile by Number Answered

Percent of People with Each Score

Your Score History

You have not taken this quiz